000 01054nam0a22002651 4500
001 rc\4152459
005 20250611111733.0
021 _aRU
_b[53-28233]
035 _a(NLR Aleph) 008170854
090 _a7853602
_c7853602
100 _a20130415d1953 |||y0rusy50 ca
101 0 _arus
102 _aRU
105 _ay z |||||
200 1 _aЦеховой хозяйственный расчет в мебельных промысловых артелях
_eИз опыта работы хозрасчетных цехов в артелях системы Рост. н/Д гормебдревпромсоюза
210 _aМосква
_cВсесоюз. кооп. изд-во
_d1953
215 _a64 с.
_d22
606 _aМебельные фабрики
_xХозрасчет
_2psbo
700 1 _aСеливанов
_bС.С.
_gСергей Сергеевич
701 1 _aЛобарев
_bП.С.
_gПетр Степанович
801 0 _aRU
_bNLR
_gpsbo
801 1 _aRU
_bELAR
_2rusmarc
852 _aNLR
_jЭк40 Г-6/771
942 _cBOOK
980 _aNB